Heteroepitaxy of semiconductors : theory, growth, and characterization (Record no. 83335)

MARC details
000 -LEADER
fixed length control field 00988 a2200289 4500
003 - CONTROL NUMBER IDENTIFIER
control field CBULib
005 - DATE AND TIME OF LATEST TRANSACTION
control field 20231215095825.0
008 - FIXED-LENGTH DATA ELEMENTS--GENERAL INFORMATION
fixed length control field 231215b |||||||| |||| 00| 0 eng d
020 ## - INTERNATIONAL STANDARD BOOK NUMBER
International Standard Book Number 9781482254358
040 ## - CATALOGING SOURCE
Language of cataloging English
Transcribing agency CBULib
Description conventions rda
041 ## - LANGUAGE CODE
Language code of text/sound track or separate title eng
050 ## - LIBRARY OF CONGRESS CALL NUMBER
Item number QC 611.8.C64 Aye
100 1# - MAIN ENTRY--PERSONAL NAME
Personal name Ayers, John E.
9 (RLIN) 1404
245 ## - TITLE STATEMENT
Title Heteroepitaxy of semiconductors : theory, growth, and characterization
Statement of responsibility, etc / by John E. Ayers; Tedi Kujofsa; Paul Rago; and Johanna E. Raphael
250 ## - EDITION STATEMENT
Edition statement Second edition.
260 ## - PUBLICATION, DISTRIBUTION, ETC. (IMPRINT)
Name of publisher, distributor, etc CRC Press,
Date of publication, distribution, etc 2017.
Place of publication, distribution, etc Boca Raton :
300 ## - PHYSICAL DESCRIPTION
Extent xv, 643 pages : illustrations (some colour)
336 ## - CONTENT TYPE
Source rdacontent
Content type term Text |
Content type code txt
337 ## - MEDIA TYPE
Source rdamedia
Media type term Unmediated |
Media type code n
338 ## - CARRIER TYPE
Source rdacarrier
Carrier type term Volume
Carrier type code nc
504 ## - BIBLIOGRAPHY, ETC. NOTE
Bibliography, etc Includes an appendix and an index
650 #0 - SUBJECT ADDED ENTRY--TOPICAL TERM
9 (RLIN) 1405
Topical term or geographic name as entry element COMPOUND SEMICONDUCTORS
650 #0 - SUBJECT ADDED ENTRY--TOPICAL TERM
9 (RLIN) 1406
Topical term or geographic name as entry element EPITAXY
650 #0 - SUBJECT ADDED ENTRY--TOPICAL TERM
9 (RLIN) 1407
Topical term or geographic name as entry element SCIENCE PHYSICS ELECTRICITY
650 #0 - SUBJECT ADDED ENTRY--TOPICAL TERM
9 (RLIN) 1408
Topical term or geographic name as entry element SCIENCE PHYSICS ELECTROMAGNETISM
942 ## - ADDED ENTRY ELEMENTS (KOHA)
Source of classification or shelving scheme
Koha item type MONOGRAPH
Holdings
Withdrawn status Lost status Source of classification or shelving scheme Damaged status Not for loan Collection code Permanent Location Current Location Shelving location Date acquired Source of acquisition Cost, normal purchase price Full call number Barcode Date last seen Copy number Price effective from Koha item type
          Main Library Open Access Collection CBU-MAIN LIBRARY, KITWE. CBU-MAIN LIBRARY, KITWE. General Stacks 12/15/2023 Book Aid International 351.58 QC 611.8.C84 Aye 752524 12/15/2023 1 12/15/2023 MONOGRAPH
          Main Library Open Access Collection CBU-MAIN LIBRARY, KITWE. CBU-MAIN LIBRARY, KITWE. General Stacks 12/15/2023 Book Aid International 351.58 QC 611.8.8C4 Aye 752525 12/15/2023 2 12/15/2023 MONOGRAPH